Statystyki dla Najbardziej pospolite ptaki w Polsce

Kliknij tutaj aby rozwiązać quiz!

Ogólne statystyki

  • Ten quiz został rozwiązany 115 razy
  • Średni wynik to 11 z 20

Statystyki odpowiedzi

Nazwa Ptaka% Poprawnych
Wróbel
94%
Bocian
86%
Kaczka
74%
Sikorka
74%
Wrona
73%
Sroka
60%
Dzięcioł
59%
Jastrząb
53%
Gawron
52%
Jaskółka
52%
Sójka
51%
Żuraw
51%
Szpak
49%
Mewa
48%
Kos
47%
Kawka
46%
Myszołów
36%
Pliszka
25%
Rudzik
25%
Drozd
24%

Rozkład punktacji

Percentyl według liczby udzielonych odpowiedzi

Procent ludzi z każdym wynikiem

Twoja historia wyników

Nie rozwiązałeś tego quizu